Catálogo público

El bioensayo en el manejo de insecticidas y acaricidas / (Record no. 207805)

MARC details
000 -CABECERA
campo de control de longitud fija 01020nam a2200313Ia 4500
001 - NÚMERO DE CONTROL
campo de control Para_9027
003 - IDENTIFICADOR DEL NÚMERO DE CONTROL
campo de control CHAP
008 - DATOS DE LONGITUD FIJA--INFORMACIÓN GENERAL
campo de control de longitud fija 220125s1994 xx 000 0 und d
010 ## - NÚMERO DE CONTROL DE LA BIBLIOTECA DEL CONGRESO
Número de control de LC 207805
040 ## - FUENTE DE LA CATALOGACIÓN
Centro/agencia transcriptor CHAP
082 ## - NÚMERO DE LA CLASIFICACIÓN DECIMAL DEWEY
Número de clasificación PA 633.95 L33
100 ## - ENTRADA PRINCIPAL--NOMBRE DE PERSONA
Nombre de persona Lagunes Tejeda, Angel
9 (RLIN) 64465
245 ## - MENCIÓN DE TÍTULO
Título El bioensayo en el manejo de insecticidas y acaricidas /
Mención de responsabilidad, etc. por Angel Lagunes-Tejeda y Manuel Vazquez Navarro
260 ## - PUBLICACIÓN, DISTRIBUCIÓN, ETC.
Lugar de publicación, distribución, etc. Montecillos, Méx. :
Nombre del editor, distribuidor, etc. Colegio de Postgraduados
300 ## - DESCRIPCIÓN FÍSICA
Extensión 159 p.
650 ## - PUNTO DE ACCESO ADICIONAL DE MATERIA--TÉRMINO DE MATERIA
Término de materia o nombre geográfico como elemento de entrada Insecticidas
9 (RLIN) 58855
650 ## - PUNTO DE ACCESO ADICIONAL DE MATERIA--TÉRMINO DE MATERIA
Término de materia o nombre geográfico como elemento de entrada Insecticidas
Subdivisión general efecto en plantas
9 (RLIN) 58871
650 ## - PUNTO DE ACCESO ADICIONAL DE MATERIA--TÉRMINO DE MATERIA
Término de materia o nombre geográfico como elemento de entrada Insecticidas
Subdivisión general efecto en suelos
9 (RLIN) 58872
650 ## - PUNTO DE ACCESO ADICIONAL DE MATERIA--TÉRMINO DE MATERIA
Término de materia o nombre geográfico como elemento de entrada Insecticidas
Subdivisión general pruebas
9 (RLIN) 58878
700 ## - PUNTO DE ACCESO ADICIONAL--NOMBRE DE PERSONA
Nombre de persona Vázquez Navarro, Manuel
9 (RLIN) 174293
710 ## - PUNTO DE ACCESO ADICIONAL--NOMBRE DE ENTIDAD CORPORATIVA
Nombre de entidad corporativa o nombre de jurisdicción como elemento de entrada Centro de Entomología y Acarología. Colegio de Postgraduados
9 (RLIN) 174294
901 ## - ELEMENTOS DE DATOS A LOCAL LDA (RLIN)
a PA 633.95 L33
902 ## - ELEMENTOS DE DATOS B LOCAL, LDB (RLIN)
a A
905 ## - ELEMENTOS DE DATOS E LOCAL, LDE (RLIN)
a 0000001994 i 0000000000 00
910 ## - DATOS DE OPCIÓN DEL USUARIO (OCLC)
Datos de opción del usuario 1994
942 ## - ELEMENTOS DE PUNTO DE ACCESO ADICIONAL (KOHA)
Tipo de ítem Koha Parasitologia_
942 ## - ELEMENTOS DE PUNTO DE ACCESO ADICIONAL (KOHA)
Tipo de ítem Koha Parasitologia_
-- 1
Holdings
Estado de retiro Estado de pérdida Fuente del sistema de clasificación o colocación Estado dañado No para préstamo Código de colección Localización permanente Ubicación/localización actual Fecha de adquisición Número de inventario Total de préstamos Renovaciones totales Signatura topográfica completa Código de barras Fecha visto por última vez Fecha del último préstamo Número de copia Precio válido a partir de Tipo de ítem Koha Nota pública
    Dewey Decimal Classification     General Parasitologia Agricola Parasitologia Agricola 14/01/2008 (PA_09255) (No. UACh C/E) 2 2 PA 633.95 L33 4102003357 28/05/2024 19/03/2024 Ej.2 25/01/2022 Libro 3
    Dewey Decimal Classification     General Parasitologia Agricola Parasitologia Agricola 27/10/2005 (PA_8808) (No. UACh C/E) 1   PA 633.95 L33 4102003356 25/01/2024 25/01/2024 Ej.1 25/01/2022 Libro 3